Normal view
MARC view
Entry Nombre personal
001 - NÚMERO DE CONTROL
- campo de control: 943
003 - IDENTIFICADOR DE NÚMERO DE CONTROL
- campo de control: DLC
005 - FECHA Y HORA DE LA ÚLTIMA TRANSACCIÓN
- campo de control: 20260320113231.0
008 - ELEMENTOS DE DATO DE LONGITUD-FIJA
- campo de control de longitud fija: 801203n| acannaab| |a aaa |||
010 ## - NÚMERO DE CONTROL DE LA BIBLIOTECA DEL CONGRESO
- Número de control de LC: n 80156534
040 ## - FUENTE DE CATALOGACIÓN
- Centro catalogador/agencia de origen: DLC
- Centro/agencia transcriptor: DLC
- Centro/agencia modificador: DLC
100 10 - ENCABEZAMIENTO-NOMBRE DE PERSONA
- Nombre de persona: Assoun, Paul-Laurent,
- Fechas asociadas al nombre: 1948-
400 10 - TRAZADO DE VÉASE--NOMBRE DE PERSONA
- Subcampo de control: nnaa
- Nombre de persona: Assoun, Paul Laurent
400 10 - TRAZADO DE VÉASE--NOMBRE DE PERSONA
- Nombre de persona: Assoun, P.-L.
- Forma completa/desarrollada del nombre: (Paul-Laurent),
- Fechas asociadas al nombre: 1948-
670 ## - FUENTE DE DATOS ENCONTRADOS
- Cita de la fuente: His Freud, la philosophie et les philosophes, c1976.
670 ## - FUENTE DE DATOS ENCONTRADOS
- Cita de la fuente: His Freud et la femme, c1983:
- Información encontrada: t.p. (Paul-Laurent Assoun) p. 4 of cover (b. 8-24-48)
670 ## - FUENTE DE DATOS ENCONTRADOS
- Cita de la fuente: Aspects du malaise dans la civilisation, c1987:
- Información encontrada: t.p. (Paul-Laurent Assoun) p. 4 of cover (P.-L. Assoun)